000 00730nam a2200217Ii 4500
003 JO-AjNU
008 230605s9999||||xx |||||||||||||| ||und||
017 _a1997/5277
020 _a977-01-5190-4
040 _aJO-AjNU
_bara
_erda
_cJO-AjNU
041 _aara
050 1 4 _aPJ7542.E4.H3364 1997
100 3 _aحفني، عبد الحليم,
_eauthor
_918611
245 0 0 _aالمراثي الشعبية: العديد
264 3 1 _aالقاهرة: الهيئة المصرية العامة للكتاب، 1997
300 _a283ص
336 _atext
_btxt
_2rdacontent
337 _aunmediated
_bn
_2rdamedia
338 _avolume
_bnc
_2rdacarrier
650 4 _aالشعر العربي - الشعر الشعبي - مراثي
_918612
999 _aA5985
_c9553
_d9553